[Event "TUR-chT Clubs"]
[Site "Konya"]
[Date "2019.07.18"]
[Round "5.26"]
[White "Kansal, Cagin"]
[Black "Ulupinar, Furkan"]
[Result "0-1"]
[WhiteElo "1774"]
[BlackElo "1580"]
[PlyCount "54"]
[EventDate "2019.07.16"]
[EventType "team-swiss"]
[EventRounds "9"]
[EventCountry "TUR"]
[SourceTitle "CBM 191 Extra"]
[Source "ChessBase"]
[SourceDate "2019.09.30"]
[SourceVersion "1"]
[SourceVersionDate "2019.09.30"]
[SourceQuality "1"]
[WhiteTeam "Dumlupinar Turk"]
[BlackTeam "Mustafa Kemal Ortaokulu"]
[WhiteTeamCountry "TUR"]
[BlackTeamCountry "TUR"]

1. e4 c5 2. Nc3 a6 3. f4 e6 4. Nf3 Nc6 5. Be2 b5 6. 0-0 Nge7 7. d4 cxd4 8. Nxd4 Nxd4 9. Qxd4 Qc7 10. Be3 Rb8 11. a3 d5 12. exd5 Nf5 13. Qa7 Rb7 14. Qxa6 Nxe3 15. Bxb5+ Rxb5 16. Nxb5 Qxc2 17. Qc6+ Qxc6 18. dxc6 Nxf1 19. Kxf1 Ba6 20. a4 Bd6 21. Ke1 Ke7 22. Rd1 Bxb5 23. axb5 Rb8 24. Ra1 Rxb5 25. Ra7+ Kf6 26. Rd7 Bxf4 27. Rd3 Be5 0-1

[Event "TUR Cup										"]
[Site "Antalya"]
[Date "2018.02.03"]
[Round "11"]
[White "Kansal, Cagin"]
[Black "Yilmaz, Cumhur"]
[Result "1-0"]
[WhiteElo "1774"]
[BlackElo "1661"]
[PlyCount "149"]
[EventDate "2018.01.27"]
[EventType "swiss"]
[EventRounds "11"]
[EventCountry "TUR"]
[SourceTitle "CBM 182 Extra"]
[Source "ChessBase"]
[SourceDate "2018.02.23"]
[SourceVersion "1"]
[SourceVersionDate "2018.02.23"]
[SourceQuality "1"]

1. e4 c6 2. d4 d5 3. f3 dxe4 4. fxe4 Nf6 5. e5 Nd5 6. c4 Nb6 7. Nf3 Bg4 8. Be3 e6 9. Nc3 Be7 10. Be2 Bxf3 11. gxf3 Bh4+ 12. Kf1 Bg5 13. f4 Bh6 14. Ne4 Nc8 15. Qe1 Nd7 16. Rg1 f5 17. Ng5 Qe7 18. c5 Bxg5 19. Rxg5 Nf8 20. h4 Qf7 21. Qg3 g6 22. h5 Ne7 23. Kf2 Nd5 24. Rh1 Rg8 25. hxg6 hxg6 26. Qh3 0-0-0 27. Bd2 Rg7 28. Qa3 Nc7 29. Be3 Kb8 30. b4 Rh7 31. Rgg1 Qd7 32. Qb2 Rxh1 33. Rxh1 Qd5 34. Rh8 Qe4 35. Bf3 Qd3 36. Be2 Qe4 37. Bf3 Qd3 38. Rg8 Nb5 39. Be2 Qc3 40. Qxc3 Nxc3 41. Bc4 Nd5 42. Bxd5 cxd5 43. b5 Kc7 44. a4 a6 45. Bd2 Kc8 46. Ba5 Re8 47. c6 axb5 48. axb5 bxc6 49. bxc6 Kb8 50. Bb4 Kc7 51. Rxf8 Rxf8 52. Bxf8 Kxc6 53. Ke3 Kb5 54. Kd3 Ka4 55. Kc3 Ka5 56. Kb3 Kb5 57. Bb4 Kb6 58. Ka4 Kc6 59. Ka5 Kb7 60. Kb5 Kc7 61. Kc5 Kd7 62. Kb6 g5 63. fxg5 f4 64. g6 f3 65. Be1 Ke7 66. Kc7 Kf8 67. Kd7 Kg7 68. Kxe6 Kxg6 69. Kxd5 Kf7 70. e6+ Ke7 71. Bh4+ Ke8 72. Kd6 f2 73. Bxf2 Kd8 74. e7+ Ke8 75. d5 1-0

[Event "TUR Cup										"]
[Site "Antalya"]
[Date "2018.02.01"]
[Round "9"]
[White "Kansal, Cagin"]
[Black "Durak, Behzat"]
[Result "1-0"]
[WhiteElo "1774"]
[BlackElo "1594"]
[PlyCount "80"]
[EventDate "2018.01.27"]
[EventType "swiss"]
[EventRounds "11"]
[EventCountry "TUR"]
[SourceTitle "CBM 182 Extra"]
[Source "ChessBase"]
[SourceDate "2018.02.23"]
[SourceVersion "1"]
[SourceVersionDate "2018.02.23"]
[SourceQuality "1"]

1. e4 c5 2. Nf3 Nc6 3. d4 cxd4 4. Nxd4 Qb6 5. Nb3 e5 6. Be3 Qc7 7. Nc3 Nf6 8. f3 Bb4 9. Be2 a5 10. 0-0 Bxc3 11. bxc3 b6 12. Nd2 d6 13. Nc4 0-0 14. Nxb6 Rb8 15. Rb1 Be6 16. c4 Nb4 17. Nd5 Bxd5 18. cxd5 Qxc2 19. Qxc2 Nxc2 20. Ba7 Ra8 21. Rb7 Nh5 22. g3 f5 23. exf5 Nf6 24. Bb5 Nb4 25. a3 Nbxd5 26. Bc4 Kh8 27. Rd1 Nc3 28. Rxd6 h5 29. Be6 Rfd8 30. Rxd8+ Rxd8 31. Rb8 Rxb8 32. Bxb8 e4 33. Kf2 exf3 34. Kxf3 Ng4 35. h3 Nf6 36. Bc7 Nb5 37. Bxa5 Nxa3 38. Bc3 Kh7 39. Bf7 Kh6 40. Bg6 Nb5 1-0

[Event "TUR-chT2"]
[Site "Konya"]
[Date "2017.07.12"]
[Round "5.23"]
[White "Kansal, Cagin"]
[Black "Atila, Furkan Omer"]
[Result "1-0"]
[WhiteElo "1777"]
[BlackElo "1195"]
[PlyCount "53"]
[EventDate "2017.07.09"]
[EventType "team-swiss"]
[EventRounds "9"]
[EventCountry "TUR"]
[SourceTitle "CBM 179 Extra"]
[Source "ChessBase"]
[SourceDate "2017.08.23"]
[SourceVersion "1"]
[SourceVersionDate "2017.08.23"]
[SourceQuality "1"]
[WhiteTeam "Dumlupinar Turk"]
[BlackTeam "Harput Genclik"]
[WhiteTeamCountry "TUR"]
[BlackTeamCountry "TUR"]

1. e4 c5 2. Nc3 d6 3. f4 Nc6 4. Nf3 g6 5. Bb5 Bd7 6. d3 Bg7 7. 0-0 a6 8. Bxc6 Bxc6 9. Qe1 Qc7 10. Kh1 Nf6 11. Bd2 Ng4 12. h3 h5 13. hxg4 hxg4+ 14. Nh2 0-0-0 15. Kg1 Bd4+ 16. Be3 Bxe3+ 17. Qxe3 Rh7 18. Nxg4 Rdh8 19. Nd5 Bxd5 20. exd5 Qb6 21. Nf2 e5 22. b3 exf4 23. Qxf4 c4 24. d4 Rh4 25. Qf6 Rxd4 26. Qxh8+ Kc7 27. Rfe1 1-0

[Event "TUR-chT2"]
[Site "Konya"]
[Date "2017.07.10"]
[Round "3.14"]
[White "Gok, Emre"]
[Black "Kansal, Cagin"]
[Result "1-0"]
[WhiteElo "1783"]
[BlackElo "1777"]
[PlyCount "94"]
[EventDate "2017.07.09"]
[EventType "team-swiss"]
[EventRounds "9"]
[EventCountry "TUR"]
[SourceTitle "CBM 179 Extra"]
[Source "ChessBase"]
[SourceDate "2017.08.23"]
[SourceVersion "1"]
[SourceVersionDate "2017.08.23"]
[SourceQuality "1"]
[WhiteTeam "Sakarya Buyuksehir"]
[BlackTeam "Dumlupinar Turk"]
[WhiteTeamCountry "TUR"]
[BlackTeamCountry "TUR"]

1. e4 c5 2. Nf3 e6 3. d4 cxd4 4. Nxd4 a6 5. g3 Qc7 6. Bg2 Nf6 7. Nc3 Bb4 8. Nde2 b5 9. 0-0 Bb7 10. Bf4 e5 11. Bg5 Be7 12. Bxf6 Bxf6 13. Nd5 Bxd5 14. Qxd5 Qc6 15. Rfd1 Ra7 16. a4 b4 17. c3 Qxd5 18. Rxd5 bxc3 19. bxc3 Rc7 20. Rb1 0-0 21. Bh3 g6 22. Rb6 Bg7 23. Kf1 Re8 24. Rb2 Bf8 25. Rbd2 Rc4 26. Ra5 Rxe4 27. Bxd7 Rd8 28. Bf5 Rxa4 29. Rxd8 Rxa5 30. Be4 Rb5 31. Nc1 Kg7 32. Nd3 f5 33. Bd5 Be7 34. Rg8+ Kf6 35. c4 Rb1+ 36. Ke2 Nd7 37. Ra8 Ra1 38. Ra7 Ra2+ 39. Ke1 Nb6 40. Bg8 e4 41. Nf4 Bb4+ 42. Kf1 Bc5 43. Ne2 Ke5 44. Rc7 Kd6 45. Rxh7 Nd7 46. Rh6 Ne5 47. Rh4 Bxf2 1-0

[Event "TUR Cup"]
[Site "Antalya"]
[Date "2017.02.04"]
[Round "11"]
[White "Kansal, Cagin"]
[Black "Gulbeyaz, Emir"]
[Result "1/2-1/2"]
[WhiteElo "1793"]
[BlackElo "1932"]
[PlyCount "60"]
[EventDate "2017.01.28"]
[EventType "swiss"]
[EventRounds "11"]
[EventCountry "TUR"]
[SourceTitle "CBM 176 Extra"]
[Source "ChessBase"]
[SourceDate "2017.03.02"]
[SourceVersion "1"]
[SourceVersionDate "2017.03.02"]
[SourceQuality "1"]

1. e4 g6 2. d4 Bg7 3. Nc3 a6 4. f4 b5 5. a3 Bb7 6. Nf3 d6 7. Be3 Nd7 8. Bd3 Ngf6 9. e5 Nd5 10. Nxd5 Bxd5 11. 0-0 0-0 12. b3 c5 13. c4 Bxf3 14. Qxf3 cxd4 15. Bxd4 dxe5 16. fxe5 Nxe5 17. Bxe5 Bxe5 18. Rad1 Qb6+ 19. Kh1 b4 20. a4 Rad8 21. c5 Qxc5 22. Bxa6 Rxd1 23. Rxd1 Qc7 24. h3 Kg7 25. Bc4 Bc3 26. Qd5 Qg3 27. Qd3 Qg5 28. Qd5 Be5 29. Re1 Bf6 30. Qxg5 Bxg5 1/2-1/2

[Event "TUR Cup"]
[Site "Antalya"]
[Date "2017.02.02"]
[Round "9"]
[White "Kansal, Cagin"]
[Black "Esti, Kubra Selenay"]
[Result "1-0"]
[WhiteElo "1793"]
[BlackElo "1595"]
[PlyCount "59"]
[EventDate "2017.01.28"]
[EventType "swiss"]
[EventRounds "11"]
[EventCountry "TUR"]
[SourceTitle "CBM 176 Extra"]
[Source "ChessBase"]
[SourceDate "2017.03.02"]
[SourceVersion "1"]
[SourceVersionDate "2017.03.02"]
[SourceQuality "1"]

1. c4 g6 2. g3 Bg7 3. Bg2 c5 4. Nf3 Nc6 5. Nc3 d6 6. 0-0 e6 7. a3 Nge7 8. Rb1 a5 9. b3 0-0 10. Bb2 f5 11. Nb5 e5 12. e3 e4 13. Ne1 Bxb2 14. Rxb2 d5 15. cxd5 Nxd5 16. d3 Nf6 17. Rd2 Qe7 18. d4 cxd4 19. exd4 Nd5 20. Nc2 f4 21. Re1 f3 22. Bf1 Nf4 23. d5 Bh3 24. dxc6 Bg2 25. Bxg2 Nxg2 26. Rf1 bxc6 27. Rd7 Qe6 28. Qd4 Rf6 29. Nc7 Qh3 30. Qxf6 1-0

[Event "TUR Cup"]
[Site "Antalya"]
[Date "2017.01.29"]
[Round "2"]
[White "Kansal, Cagin"]
[Black "Koc, Ilkay"]
[Result "0-1"]
[WhiteElo "1793"]
[BlackElo "2050"]
[PlyCount "70"]
[EventDate "2017.01.28"]
[EventType "swiss"]
[EventRounds "11"]
[EventCountry "TUR"]
[SourceTitle "CBM 176 Extra"]
[Source "ChessBase"]
[SourceDate "2017.03.02"]
[SourceVersion "1"]
[SourceVersionDate "2017.03.02"]
[SourceQuality "1"]

1. e4 d5 2. exd5 Nf6 3. Bb5+ Nbd7 4. c4 a6 5. Ba4 b5 6. cxb5 Nxd5 7. Nc3 N5b6 8. Bb3 e6 9. d4 Bb4 10. bxa6 0-0 11. Nge2 Bxa6 12. 0-0 Bd6 13. Ne4 Bxh2+ 14. Kxh2 Qh4+ 15. Kg1 Qxe4 16. Nc3 Qh4 17. Re1 Nf6 18. Qd2 Nc4 19. Bxc4 Bxc4 20. Qf4 Ng4 21. Re3 f5 22. Rh3 Qe7 23. a3 h6 24. Rg3 Rad8 25. Be3 Ba6 26. Qf3 h5 27. Rh3 f4 28. Bc1 g6 29. Qe4 Qf7 30. b4 Bc8 31. Rf3 g5 32. Ra2 e5 33. Rd2 Bf5 34. Qb7 exd4 35. Ne4 Rfe8 0-1

[Event "TUR Cup"]
[Site "Antalya"]
[Date "2017.01.28"]
[Round "1"]
[White "Dogruay, Mehmet Emin"]
[Black "Kansal, Cagin"]
[Result "0-1"]
[WhiteElo "1266"]
[BlackElo "1793"]
[PlyCount "68"]
[EventDate "2017.01.28"]
[EventType "swiss"]
[EventRounds "11"]
[EventCountry "TUR"]
[SourceTitle "CBM 176 Extra"]
[Source "ChessBase"]
[SourceDate "2017.03.02"]
[SourceVersion "1"]
[SourceVersionDate "2017.03.02"]
[SourceQuality "1"]

1. d4 d5 2. c4 e6 3. Nc3 Nf6 4. Bg5 Be7 5. e3 c6 6. Nf3 Nbd7 7. Bd3 dxc4 8. Bxc4 b5 9. Bd3 a6 10. a3 c5 11. Rc1 c4 12. Bb1 Bb7 13. 0-0 0-0 14. Qc2 Bxf3 15. gxf3 g6 16. Rcd1 Nd5 17. Bh6 Re8 18. Kh1 Nxc3 19. Qxc3 Bg5 20. Bxg5 Qxg5 21. Rg1 Qh4 22. Be4 Ra7 23. Rd2 Nf6 24. Bc2 a5 25. e4 Rd8 26. Qe3 Rad7 27. Rg5 Rb7 28. a4 Rdb8 29. Rxb5 Rxb5 30. axb5 Rxb5 31. Qc3 Rh5 32. Kg1 Qh3 33. Qe3 h6 34. Qf4 Rg5+ 0-1

[Event "Corum op"]
[Site "Corum"]
[Date "2016.05.27"]
[Round "8"]
[White "Karaahmetoglu, Ege"]
[Black "Kansal, Cagin"]
[Result "1-0"]
[WhiteElo "2008"]
[BlackElo "1780"]
[PlyCount "89"]
[EventDate "2016.05.23"]
[EventType "swiss"]
[EventRounds "9"]
[EventCountry "TUR"]
[SourceTitle "CBM 172 Extra"]
[Source "ChessBase"]
[SourceDate "2016.06.21"]
[SourceVersion "1"]
[SourceVersionDate "2016.06.21"]
[SourceQuality "1"]

1. e4 c6 2. d4 d5 3. exd5 cxd5 4. c4 Nf6 5. Nc3 Nc6 6. Bg5 e6 7. Nf3 Be7 8. a3 a5 9. Bd3 0-0 10. 0-0 b6 11. cxd5 exd5 12. h3 h6 13. Bf4 Bd6 14. Qd2 Ba6 15. Bxa6 Rxa6 16. Ne5 Bxe5 17. Bxe5 Ra7 18. Rfe1 Rd7 19. Rad1 Re8 20. Bxf6 Rxe1+ 21. Qxe1 gxf6 22. Qe3 Kg7 23. Qg3+ Kh7 24. Qf4 Ne7 25. Qxf6 Ng6 26. Nxd5 Kg8 27. Qxd8+ Rxd8 28. Nxb6 Nf4 29. d5 Rd6 30. Nc4 Rg6 31. g3 Nxh3+ 32. Kg2 Ng5 33. d6 Ne6 34. d7 Nd8 35. Re1 Re6 36. Rxe6 fxe6 37. Nxa5 Kf7 38. Nc4 Ke7 39. Ne5 Nb7 40. b4 Nd6 41. a4 Ne4 42. a5 Nd6 43. a6 Nb5 44. Kh3 Kd8 45. Kh4 1-0

[Event "Corum op"]
[Site "Corum"]
[Date "2016.05.25"]
[Round "4"]
[White "Gunduz, Umut Erdem"]
[Black "Kansal, Cagin"]
[Result "1-0"]
[WhiteElo "2001"]
[BlackElo "1780"]
[PlyCount "79"]
[EventDate "2016.05.23"]
[EventType "swiss"]
[EventRounds "9"]
[EventCountry "TUR"]
[SourceTitle "CBM 172 Extra"]
[Source "ChessBase"]
[SourceDate "2016.06.21"]
[SourceVersion "1"]
[SourceVersionDate "2016.06.21"]
[SourceQuality "1"]

1. e4 c5 2. Nf3 e6 3. d4 cxd4 4. Nxd4 a6 5. c4 Qc7 6. a3 Nf6 7. Nc3 Be7 8. Be2 d6 9. f3 Nbd7 10. 0-0 0-0 11. Be3 b6 12. Qd2 Bb7 13. Rac1 Rac8 14. Rc2 Qb8 15. b4 Rfe8 16. Rb1 Bd8 17. Kh1 Ne5 18. Na4 Nxc4 19. Rxc4 Rxc4 20. Bxc4 b5 21. Bb3 bxa4 22. Bxa4 Rf8 23. Nc6 Bxc6 24. Bxc6 Bb6 25. Bf4 Bc7 26. Bg5 Rc8 27. Rd1 Bd8 28. Rc1 d5 29. Be3 dxe4 30. fxe4 Be7 31. Qe2 Qc7 32. Qxa6 Nxe4 33. b5 Rd8 34. Qa4 Nf6 35. b6 Qe5 36. Bf4 Qe2 37. Bf3 Qb2 38. b7 Bd6 39. Rc8 Qb1+ 40. Qd1 1-0

[Event "Manavgat Turkey Cup"]
[Site "Manavgat"]
[Date "2015.02.01"]
[Round "3"]
[White "Kansal, Cagin"]
[Black "Kantar, Cihat Celaleddin"]
[Result "1-0"]
[WhiteElo "1788"]
[BlackElo "1356"]
[PlyCount "53"]
[EventDate "2015.01.31"]
[EventType "swiss"]
[EventRounds "11"]
[EventCountry "TUR"]
[SourceTitle "CBM 164 Extra"]
[Source "ChessBase"]
[SourceDate "2015.03.02"]
[SourceVersion "1"]
[SourceVersionDate "2015.03.02"]
[SourceQuality "1"]

1. e4 e5 2. Nf3 Nc6 3. d4 exd4 4. Nxd4 Bc5 5. Be3 Bb6 6. Bc4 Nf6 7. Nc3 d6 8. 0-0 Ne5 9. Be2 h6 10. h3 Nc6 11. f4 Nxd4 12. Bxd4 Bxd4+ 13. Qxd4 c6 14. Rad1 Ke7 15. e5 Ne8 16. Bc4 Be6 17. Bxe6 fxe6 18. exd6+ Qxd6 19. Qc4 Qc7 20. f5 Qb6+ 21. Kh1 Nc7 22. fxe6 Rad8 23. Rf7+ Ke8 24. Rxd8+ Kxd8 25. Qd3+ Kc8 26. Qd7+ Kb8 27. e7 1-0

[Event "Kemer Turkey Cup"]
[Site "Kemer"]
[Date "2014.02.04"]
[Round "5"]
[White "Kansal, Cagin"]
[Black "Sahutoglu, Mehmet Ibrahim"]
[Result "0-1"]
[WhiteElo "1820"]
[BlackElo "1522"]
[PlyCount "108"]
[EventDate "2014.02.01"]
[EventType "swiss"]
[EventRounds "9"]
[EventCountry "TUR"]
[SourceTitle "CBM 158 Extra"]
[Source "ChessBase"]
[SourceDate "2014.02.28"]
[SourceVersion "1"]
[SourceVersionDate "2014.02.28"]
[SourceQuality "1"]

1. f4 e5 2. fxe5 d6 3. exd6 Bxd6 4. Nf3 g5 5. g3 h5 6. d3 g4 7. Nh4 Be7 8. Ng2 h4 9. Rg1 Nc6 10. Nc3 Be6 11. Nf4 Qd7 12. Bg2 0-0-0 13. Be3 hxg3 14. hxg3 Nh6 15. Nb5 Nf5 16. Bf2 Nfd4 17. Bxd4 Nxd4 18. a4 a6 19. Na3 Nf5 20. Kd2 Bc5 21. Qe1 Be3+ 22. Kd1 Bxg1 23. Qxg1 Qd4 24. Kd2 Qxg1 25. Rxg1 Ne7 26. Nxe6 fxe6 27. Nc4 Rdf8 28. Ne5 Rhg8 29. Be4 Rg5 30. d4 Nf5 31. c3 c6 32. Rf1 Rgg8 33. Rg1 Kc7 34. Kd3 Rg5 35. Rf1 Rg7 36. Kd2 Kd6 37. Nc4+ Ke7 38. Ne5 Kf6 39. Rf2 Kg5 40. Rf4 Kh5 41. b4 Rf6 42. a5 Nxg3 43. Bg6+ Rgxg6 44. Nxg6 Rxg6 45. Rf7 Ne4+ 46. Ke3 g3 47. Rf1 Nxc3 48. Kd3 g2 49. Rg1 Nd5 50. Kc4 Kh4 51. e4 Kh3 52. exd5 exd5+ 53. Kc5 Kh2 54. Re1 g1Q 0-1

[Event "TUR-ch"]
[Site "Kemer"]
[Date "2011.02.05"]
[Round "1"]
[White "Kansal, Cagin"]
[Black "Ilcin, Murat Veysi"]
[Result "0-1"]
[WhiteElo "1746"]
[BlackElo "1804"]
[PlyCount "56"]
[EventDate "2011.02.05"]
[EventType "swiss"]
[EventRounds "10"]
[EventCountry "TUR"]
[SourceTitle "CBM 140 Extra"]
[Source "ChessBase"]
[SourceDate "2011.03.01"]
[SourceVersion "1"]
[SourceVersionDate "2011.03.01"]
[SourceQuality "1"]

1. e4 e5 2. Nf3 Nc6 3. d4 exd4 4. Nxd4 d6 5. Bc4 Nf6 6. Nc3 Ne5 7. Be2 Be7 8. f3 0-0 9. Be3 a6 10. Qd2 c5 11. Nb3 b6 12. 0-0-0 Qc7 13. g4 b5 14. g5 b4 15. Nb5 axb5 16. gxf6 Bxf6 17. Qxd6 Qxd6 18. Rxd6 c4 19. Nd4 Rxa2 20. Kb1 Ra5 21. Rg1 Be6 22. Kc1 c3 23. bxc3 bxc3 24. Kd1 Ra1+ 25. Bc1 Be7 26. Rxe6 fxe6 27. Nb3 Rb1 28. Bxb5 Nxf3 0-1